[Event "Quebec-ch U12"]
[Site "Montreal"]
[Date "2016.01.16"]
[Round "2"]
[White "Guzzo, Nikolas"]
[Black "Tanaka, Tyler Tsutomu"]
[Result "0-1"]
[WhiteElo "884"]
[BlackElo "1492"]
[PlyCount "69"]
[EventDate "2016.01.15"]
[EventType "swiss"]
[EventRounds "5"]
[EventCountry "CAN"]
[SourceTitle "EXT 2017"]
[Source "ChessBase"]
[SourceDate "2016.10.25"]
[SourceVersion "1"]
[SourceVersionDate "2016.10.25"]
[SourceQuality "1"]

1. e4 c5 2. Nf3 d6 3. Bc4 Nc6 4. Nc3 Nf6 5. 0-0 g6 6. d3 Bg7 7. Ng5 0-0 8. Be3 Ng4 9. Qf3 Nce5 10. Qf4 h6 11. Bxf7+ Nxf7 12. Nxf7 Rxf7 13. Qg3 Nxe3 14. fxe3 Rxf1+ 15. Rxf1 g5 16. Qf3 Qf8 17. Qh5 Qd8 18. Nd5 Be6 19. Qg6 Bxd5 20. exd5 Qe8 21. Qe6+ Kh8 22. Rf7 Bf6 23. c3 Qg8 24. d4 cxd4 25. cxd4 Rf8 26. Rxf8 Qxf8 27. Qd7 Qb8 28. Qa4 Qc7 29. Qxa7 Qc1+ 30. Kf2 Qd2+ 31. Kf3 g4+ 32. Kxg4 Qxg2+ 33. Kf4 Bg5+ 34. Kf5 Qxd5+ 35. Kg6 0-1